[Event "Hamburg-ch cand"]
[Site "Hamburg"]
[Date "2016.05.14"]
[Round "1"]
[White "Begier, Ralf"]
[Black "Lezynski, Florian"]
[Result "1/2-1/2"]
[WhiteElo "1802"]
[BlackElo "1931"]
[PlyCount "131"]
[EventDate "2016.05.14"]
[EventType "swiss"]
[EventRounds "9"]
[EventCountry "GER"]
[SourceTitle "EXT 2018"]
[Source "ChessBase"]
[SourceDate "2017.10.13"]
[SourceVersion "1"]
[SourceVersionDate "2017.10.13"]
[SourceQuality "1"]

1. c4 Nf6 2. g3 g6 3. Bg2 Bg7 4. e3 0-0 5. Ne2 d5 6. cxd5 Nxd5 7. Nbc3 Nb4 8. d4 c5 9. 0-0 N8c6 10. a3 Na6 11. d5 Ne5 12. h3 Nc4 13. Qc2 Nd6 14. b3 Nc7 15. Bb2 b6 16. Rad1 Ba6 17. Rfe1 Rc8 18. Nf4 Nce8 19. Kh2 Nf5 20. Nce2 Qd6 21. Bxg7 Nexg7 22. e4 Nd4 23. Nxd4 cxd4 24. Qb2 g5 25. Nd3 e5 26. dxe6 Nxe6 27. Nb4 Bb7 28. Nd5 Qd8 29. Qe2 Kg7 30. Qh5 Rc2 31. Re2 Rxe2 32. Qxe2 Re8 33. Qg4 Kh8 34. Qf5 Ng7 35. Qxf7 Bxd5 36. Qxd5 Ne6 37. Qe5+ Kg8 38. Qd5 Qe7 39. b4 Kg7 40. Qe5+ Qf6 41. Qb5 Re7 42. Qe2 Qe5 43. Rd3 Rf7 44. Rf3 Rxf3 45. Bxf3 Nc7 46. a4 Ne8 47. Kg2 a5 48. bxa5 bxa5 49. Kf1 Nd6 50. Qa6 Qc5 51. Be2 Kf6 52. Bd3 Ke5 53. Qa8 Kf6 54. Qf8+ Ke6 55. Qg8+ Nf7 56. Qe8+ Kf6 57. Qd7 Kg7 58. Qf5 Qxf5 59. exf5 Ne5 60. Ke2 Kf6 61. g4 h6 62. Bb5 Ke7 63. Ba6 Kf6 64. Bb5 Ke7 65. Bd3 Kf6 66. Be4 1/2-1/2

[Event "Hamburg Daehne Cup"]
[Site "Hamburg"]
[Date "2010.09.04"]
[Round "1"]
[White "Begier, Ralf"]
[Black "Meissner, Felix"]
[Result "1/2-1/2"]
[WhiteElo "1790"]
[BlackElo "2175"]
[PlyCount "105"]
[EventDate "2010.09.04"]
[EventType "k.o."]
[EventRounds "5"]
[EventCountry "GER"]
[SourceTitle "EXT 2022"]
[Source "ChessBase"]
[SourceDate "2021.10.06"]
[SourceVersion "1"]
[SourceVersionDate "2021.10.06"]
[SourceQuality "1"]

1. d4 Nf6 2. Nf3 g6 3. g3 Bg7 4. Bg2 0-0 5. 0-0 d5 6. c3 Ne4 7. Nbd2 Nd6 8. Re1 c6 9. e4 dxe4 10. Nxe4 Nd7 11. Bf4 Nxe4 12. Rxe4 Nf6 13. Re1 Nd5 14. Qd2 Nxf4 15. Qxf4 Be6 16. Ne5 Qd6 17. b3 a5 18. Rad1 a4 19. c4 axb3 20. axb3 Qb4 21. d5 cxd5 22. cxd5 Qxf4 23. gxf4 Bf5 24. Be4 Bxe4 25. Rxe4 Rfd8 26. Rb4 f6 27. Nc4 Rab8 28. Kg2 Bf8 29. Rb6 Rd7 30. Kf3 Rbd8 31. Rb5 Kf7 32. Ke4 Bh6 33. h4 Bg7 34. f5 Bh6 35. f4 gxf5+ 36. Kxf5 Rxd5+ 37. Rdxd5 Rxd5+ 38. Rxd5 e6+ 39. Ke4 exd5+ 40. Kxd5 Bxf4 41. Ke4 Bg3 42. Kf5 h5 43. b4 b5 44. Na3 Bd6 45. Nxb5 Bxb4 46. Nd4 Be1 47. Ne6 Bg3 48. Nd8+ Ke7 49. Ne6 Kf7 50. Nd8+ Ke8 51. Ne6 Bxh4 52. Ng7+ Kf7 53. Nxh5 1/2-1/2